000 00600nam a22002057a 4500
005 20250519131359.0
008 250519b |||||||| |||| 00| 0 eng d
040 _cDO
245 _aIndus clues to an ancient civilization
250 _aJune 2000 Vol. 197 No. 6
490 _aNational Geographic
520 _aLondon, Debut Sue, Suriname, Sierra Madre Pilgrimage, Jelly Bellies, In Focus: Golan Heights, Indus Civilization
650 _xT. REX
650 _xFOREST
650 _xSIERRA MADRE
650 _xGOLAN HEIGHTS
650 _xJELLYFISH
650 _xCIVILIZATION
942 _2ddc
_cCR
999 _c5531
_d5531